|
|
|
|
| LEADER |
00000nam0a2200000 4500 |
| 001 |
312282 |
| 005 |
20231102002453.0 |
| 035 |
|
|
|a (RuTPU)RU\TPU\book\337650
|
| 090 |
|
|
|a 312282
|
| 100 |
|
|
|a 20151218d1967 m y0rusy50 ca
|
| 101 |
0 |
|
|a rus
|
| 102 |
|
|
|a RU
|
| 105 |
|
|
|a a j 001zy
|
| 200 |
1 |
|
|a Технология производства двигателей внутреннего сгорания
|e учебное пособие
|f М. Л. Ягудин
|
| 210 |
|
|
|a Москва
|c Машиностроение
|d 1967
|
| 215 |
|
|
|a 348 с.
|c ил.
|
| 320 |
|
|
|a Библиогр.: с. 342
|
| 606 |
|
|
|a Двигатели внутреннего сгорания
|2 stltpush
|3 (RuTPU)RU\TPU\subj\4895
|9 33080
|
| 610 |
1 |
|
|a технологические процессы
|
| 610 |
1 |
|
|a проектирование
|
| 610 |
1 |
|
|a машиностроение
|
| 610 |
1 |
|
|a обработка
|
| 610 |
1 |
|
|a детали
|
| 610 |
1 |
|
|a установка
|
| 610 |
1 |
|
|a качество
|
| 610 |
1 |
|
|a заготовки
|
| 610 |
1 |
|
|a виды
|
| 610 |
1 |
|
|a припуски
|
| 610 |
1 |
|
|a допуски
|
| 610 |
1 |
|
|a типовые поверхности
|
| 610 |
1 |
|
|a станочные приспособления
|
| 610 |
1 |
|
|a коленчатые валы
|
| 610 |
1 |
|
|a шатуны
|
| 610 |
1 |
|
|a рычаги
|
| 610 |
1 |
|
|a поршневые кольца
|
| 610 |
1 |
|
|a сборка
|
| 610 |
1 |
|
|a испытание
|
| 610 |
1 |
|
|a монтаж
|
| 610 |
1 |
|
|a учебные пособия
|
| 675 |
|
|
|a 621.43(075.32)
|v 4
|
| 700 |
|
1 |
|a Ягудин
|b М. Л.
|g Михаил Львович
|
| 801 |
|
1 |
|a RU
|b 63413507
|c 20151218
|
| 801 |
|
2 |
|a RU
|b 63413507
|c 20170505
|g RCR
|
| 942 |
|
|
|c BK
|